| 000 | 01721nam0a2200409 4500 | ||
|---|---|---|---|
| 001 | RU\NLR\BIBL_A\012291533 | ||
| 005 | 20200911154641.0 | ||
| 010 |
_a978-5-9287-3118-2 _910 000 |
||
| 021 |
_aRU _bКН-П-19-072468 _9КН-П-19-1078 |
||
| 035 | _a(NLR Aleph) 012291533 | ||
| 035 | _a(RuMoRGB)010297536 | ||
| 090 |
_a11271332 _c11271332 |
||
| 100 | _a20200713d2019 b y0rusy50 ca | ||
| 101 | 0 | _arus | |
| 102 | _aRU | ||
| 105 | _aa|||z|||000ay | ||
| 181 | 0 |
_ai _baxxe |
|
| 182 | 0 | _an | |
| 200 | 1 |
_aСахарный домик _e[сказка _eдля детей 2-5 лет] _fБратья Гримм _g[пересказ Софьи Прокофьевой _gхудожник: Ксения Павлова] |
|
| 203 |
_aТекст _bвизуальный _cнепосредственный |
||
| 210 |
_aМосква _cЛабиринт Пресс _d2019 |
||
| 215 |
_a18, [2] с. _cцв. ил. _d28 |
||
| 225 | 1 | _aЖили-были книжки | |
| 300 | _aБез тит. л. Описано по обл. | ||
| 333 | _a0+ | ||
| 686 | 0 | _aШ9(4Г)60-4 | |
| 700 | 1 |
_7ca _8rus _aГримм _bЯ. _f1785-1863 _gЯкоб _9112038 _3RU\NLR\AUTH\772021 |
|
| 701 | 1 |
_7ca _8rus _aГримм _bВ. К. _f1786-1859 _gВильгельм Карл _9112035 _3RU\NLR\AUTH\772018 |
|
| 702 | 1 |
_4570 _7ca _8rus _aПрокофьева _bС. Л. _f1928-2025 _gСофья Леонидовна _9112700 _3RU\NLR\AUTH\772692 |
|
| 702 | 1 |
_4040 _7ca _8rus _aПавлова _bК. А. _cхудожник _f1975- _gКсения Андреевна _931802 _3RU\NLR\AUTH\7748867 |
|
| 942 | _cBOOK | ||
| 980 | _aNBR | ||
| 980 | _aNB | ||